Datum a čas kvízu
30.5
Celkem bodů
Celkový počet nahraných bodů na tomto kvízu bez doplňovacích otázek.
7.
Pořadí na kvízu
Konečné umístění týmu na tomto kvízu.
Zaznamenané odpovědi
| # | Otázka | Odpověď | Body | Výsledky |
|---|---|---|---|---|
| 1. | Jak se jmenuje hejtman, který... | Jan Krkoška, Moravskoslezský kraj | 1 | |
| 2. | V sobotu se konalo 1. kolo pre... | 9 za bod, (8 a 10 za půl bodu) | 0.5 | |
| 3. | Streetartový umělec Banksy se... | strom | 1 | |
| 4. | V minulém týdnu probíhal v Brn... | Amper | 0 | |
| 5. | V pondělí byla představena kol... | z (křišťálového) skla | 1 | |
| 6. | Toto literární téma vyhrálo mi... | Sto roků samoty | 0 | |
| 7. | Dívka Fern jednoho dne pozoruj... | Šarlotina pavučinka, E. B. White | 0 | |
| 8. | Přiřaďte klasická díla ruské l... | 1C 2A 3B 4D | 1 | |
| 9. | Mezi nejčtenější knihy světa s... | A | 0 | |
| 10. | Na závěr se zaměříme na novějš... | Zmizelá | 0 |